000 00746cab a2200217 4500
001 WB3505-17
008 090401t1999 xxu||||| |||| 00| 0 eng d
035 _a(Sirsi) u91047
041 _aeng
245 _aPFI guidelines
260 _c1999
350 _a0
490 _aAccountancy Age
_v21 January 1999, 3(1)
520 _aThe Treasury and ASB have succeeded in agreeing upon accounting guidelines for private finance initiatives. The Treasury guide is designed to help publicsector accountants apply the principles laid out in the ASB`s FRS 5.
650 _aACCOUNTING STANDARDS
650 _aPFI
650 _aPRIVATE FINANCE INITIATIVE
690 _aPROPERTY-PROPERTY FINANCE AND INVESTMENT
942 _n0
948 _c02/02/1999
999 _c57769
_d57769